Statistics and econometrics
Guardat en:
| Autor principal: | |
|---|---|
| Format: | Llibre |
| Idioma: | anglès |
| Publicat: |
Nueva York
Holt, Rinehart and Winston
1971
|
| Matèries: | |
| Etiquetes: |
Afegir etiqueta
Sense etiquetes, Sigues el primer a etiquetar aquest registre!
|
MARC
| LEADER | 00000nam a2200000 a 4500 | ||
|---|---|---|---|
| 001 | UCU2723 | ||
| 003 | CL-VaPUC | ||
| 008 | 960426e19710000US |||||||||||||||||eng|d | ||
| 082 | 0 | 4 | |a 330.015 |b FRA |2 21 |
| 100 | 0 | |a Frank, Charles R |e author |9 359168 | |
| 245 | 1 | 0 | |a Statistics and econometrics |
| 300 | |a 400 p | ||
| 942 | |c BK | ||
| 945 | |d 19960426 00:00:00 |a paguirre | ||
| 260 | |a Nueva York |b Holt, Rinehart and Winston |c 1971 | ||
| 650 | 0 | |a Econometría |9 261029 | |
| 650 | 7 | |a ESTADISTICAS FINANCIERAS |2 CL-VaPUC |9 358020 | |
| 650 | 0 | |a Variables |9 338106 | |
| 650 | 0 | |a Modelos económicos |9 324997 | |
| 650 | 7 | |a ESTADISTICAS SOCIOECONOMICAS |2 CL-VaPUC |9 346299 | |
| 583 | |a last modification |c 19960426 00:00:00 |k Rodrigo Vera | ||
| 999 | |c 246955 |d 246953 | ||
| 952 | |0 0 |1 0 |4 0 |6 330_015000000000000_FRA_1971 |7 0 |8 A |9 262343 |a BIBING |b BIBING |d 2019-11-19 |i 1643193 |o 330.015 FRA 1971 |p 1643193 |r 2025-01-20 |w 2019-11-19 |y BK |k EII | ||